Animal Alphabet 2 - Statistics

General Stats
  • This quiz has been taken 82 times
  • The average score is 23 of 26
Answer Stats
Picture Hint Answer % Correct
A Alligator
98%
O Octopus
96%
B Bear
94%
D Dolphin
94%
E Elephant
94%
F Frog
94%
G Giraffe
94%
H Hippopotamus
94%
J Jaguar
94%
K Kangaroo
94%
M Moose
94%
P Penguin
94%
R Rhinoceros
94%
S Snake
94%
T Tiger
94%
W Whale
94%
Z Zebra
94%
C Cheetah
92%
L Lion
92%
Y Yak
92%
I Iguana
90%
Q Quail
85%
N Newt
83%
V Vulture
83%
U Uakari
56%
X Xenops
54%
No matching quizzes found
Score Distribution
Percent of People with Each Score
Percentile by Number Answered
Your Score History
You have not taken this quiz